Dictionary of marketing
Saved in:
| Main Author: | |
|---|---|
| Other Authors: | |
| Format: | Book |
| Language: | English |
| Published: |
Middlesex :
Peter Collin Publishing,
c1992
|
| Subjects: | |
| Tags: |
Add Tag
No Tags, Be the first to tag this record!
|
MARC
| LEADER | 00000nam a2200000 i 4500 | ||
|---|---|---|---|
| 001 | 1/85686 | ||
| 008 | 990702s1992 eng d | ||
| 020 | |a 0948549084 | ||
| 035 | |l 10051901 | ||
| 040 | |a GR-MY-UA |b gre |e aacr | ||
| 041 | 0 | |a eng | |
| 082 | 0 | |a 380.10321 | |
| 100 | 1 | |a Ivanovic, A. |d 1949- | |
| 245 | 1 | 0 | |a Dictionary of marketing / |c A. Ivanovic M. B. A. ; edited by P. H. Collin |
| 260 | |a Middlesex : |b Peter Collin Publishing, |c c1992 | ||
| 300 | |a 207 p. | ||
| 650 | 0 | 0 | |a Marketing |x Dictionaries. |
| 700 | 1 | |a Collin, P. H. |q (Peter Hodgson) |4 edt | |
| 852 | |a INST |b LESVOS |e 19990702 |h 380.10321 IVA |p 005100019833 |q 005100019833 |t REF |y 23 | ||
| 901 | |a BIBL1-1999-2 | ||
| 909 | |a Λ |b 062662 | ||
| 922 | |a 1ΕΛΗ |b 199812 |c ΚΠΣ/ΚΥΒ |d LEADER | ||
| 950 | |a 023-1998-09-14 | ||
| 970 | |a ΤΖΑΦΕΡΗ |b ΕΥΑΓΓΕΛΙΑ |z 1999/07/22 | ||